What is Japanese architecture? / (Record no. 12475)

000 -LEADER
fixed length control field 00495cam a2200181Ia 4500
020 ## - INTERNATIONAL STANDARD BOOK NUMBER
ISBN 4770019920
040 ## - CATALOGING SOURCE
Transcribing agency CGP
082 ## - DEWEY DECIMAL CLASSIFICATION NUMBER
Classification number 722 KOD 1996 A086 Or.
100 1# - MAIN ENTRY--AUTHOR NAME
Personal name Nishi, Kazuo,
245 10 - TITLE STATEMENT
Title What is Japanese architecture? /
250 ## - EDITION STATEMENT
Edition statement 1st pbk. ed.
260 ## - PUBLICATION, DISTRIBUTION, ETC. (IMPRINT)
Place of publication Tokyo ;
-- New York :
Name of publisher Kodansha International,
Year of publication 1996.
300 ## - PHYSICAL DESCRIPTION
Number of Pages 144 p. :
Other physical details ill. ;
Dimensions 27 cm.
500 ## - GENERAL NOTE
General note Translation of: Nihon kenchiku no katachi.
650 #0 - SUBJECT ADDED ENTRY--TOPICAL TERM
Topical Term Architecture
700 1# - ADDED ENTRY--PERSONAL NAME
Personal name Hozumi, Kazuo,
942 ## - ADDED ENTRY ELEMENTS (KOHA)
Koha item type សៀវភៅភាសាអង់គ្លេស
952 ## - LOCATION AND ITEM INFORMATION (KOHA)
Withdrawn status [LOCAL, KOHA] 0
Holdings
Permanent Location Date acquired Koha item type Lost status Shelving location Barcode Current Location Full call number
Library Block A2017-08-14សៀវភៅភាសាអង់គ្លេស A086A16967Library Block A722 KOD 1996 A086 Or.
មជ្ឈមណ្ឌលឯការនៃសាកលវិទ្យាល័យភូមិន្ទកសិកម្មចំការដូង

Powered by Koha